[Event "European Club Cup (Women)"]
[Site "Skopje MKD"]
[Date "2015.10.19"]
[EventDate "2015.10.18"]
[Round "2.2"]
[Result "0-1"]
[White "Dina Belenkaya"]
[Black "Shen Yang"]
[WhiteElo "2352"]
[BlackElo "2460"]
[PlyCount "110"]

1. e4 e5 2. Nf3 Nc6 3. Nc3 Nf6 4. d4 exd4 5. Nxd4 Bb4 6. Nxc6
bxc6 7. Bd3 O-O 8. O-O d5 9. exd5 cxd5 10. Bg5 c6 11. Qf3 Rb8
12. Bxf6 Qxf6 13. Qxf6 gxf6 14. Ne2 Bd6 15. b3 c5 16. Rad1 Be6
17. c3 a5 18. Bc2 Rfd8 19. f4 Bg4 20. Rd2 d4 21. c4 a4 22. Ng3
Bd7 23. Nh5 Be7 24. Rd3 Kh8 25. Re1 axb3 26. axb3 Bd6 27. Rg3
Be6 28. Rf1 f5 29. Ng7 Bf8 30. Nxf5 d3 31. Rxd3 Rxd3 32. Bxd3
Rxb3 33. Be4 Bxc4 34. Rd1 Rb8 35. Ne3 Bb3 36. Rb1 Rb4 37. Bf3
Be6 38. Rc1 Rxf4 39. Kf2 Kg7 40. g3 Ra4 41. Be2 Ra2 42. Kf3
Kf6 43. Bd3 h5 44. h4 Ke5 45. Be2 Ra3 46. Re1 c4 47. Kf2 Bc5
48. Bxh5 f5 49. Kf3 Bd5+ 50. Kf2 f4 51. gxf4+ Kxf4 52. Be2
Bxe3+ 53. Kf1 Kg3 54. Rb1 Bf2 55. Bh5 Re3 0-1

[Event "European Club Cup (Women)"]
[Site "Skopje MKD"]
[Date "2015.10.20"]
[EventDate "2015.10.18"]
[Round "3.1"]
[Result "1/2-1/2"]
[White "Shen Yang"]
[Black "Lela Javakhishvili"]
[WhiteElo "2460"]
[BlackElo "2463"]
[PlyCount "103"]

1. d4 Nf6 2. c4 e6 3. Nc3 Bb4 4. e3 O-O 5. Bd3 d5 6. Nf3 c5
7. O-O dxc4 8. Bxc4 cxd4 9. exd4 b6 10. Qb3 Bxc3 11. bxc3 Bb7
12. Be2 Nbd7 13. a4 Qc7 14. c4 Rfc8 15. Rd1 Ba6 16. Nd2 e5
17. Bb2 exd4 18. Bxd4 Bb7 19. a5 Re8 20. Bf1 Nc5 21. Qg3 Qxg3
22. hxg3 Nfd7 23. f3 Bc6 24. Ra3 Rad8 25. Nb1 Ne5 26. Rd2 f6
27. axb6 axb6 28. Bxc5 bxc5 29. Ra5 Rxd2 30. Nxd2 Nd7 31. Nb3
Ra8 32. Bd3 g6 33. Kf2 Kf7 34. g4 Ke7 35. Ke3 Kd6 36. Rxa8
Bxa8 37. Kf4 Ne5 38. Be2 Nf7 39. Na5 Ng5 40. Bd1 Ne6+ 41. Ke3
Nd4 42. Ba4 Ne6 43. Nb3 Bb7 44. Bb5 Ba8 45. Be8 Ke7 46. Ba4
Kd6 47. Bb5 Bb7 48. Na5 Ba8 49. Nb3 Bb7 50. Na5 Ba8 51. Nb3
Bb7 52. Na5 1/2-1/2

[Event "European Club Cup (Women)"]
[Site "Skopje MKD"]
[Date "2015.10.21"]
[EventDate "2015.10.18"]
[Round "4.2"]
[Result "0-1"]
[White "Tea Bosboom-Lanchava"]
[Black "Shen Yang"]
[WhiteElo "2276"]
[BlackElo "2460"]
[PlyCount "134"]

1. Nf3 d5 2. c4 d4 3. Qc2 c5 4. e3 Nc6 5. a3 e5 6. d3 Bd6
7. g3 Nf6 8. Bg2 O-O 9. O-O h6 10. Nbd2 Be6 11. Re1 dxe3
12. fxe3 Qd7 13. b3 Rad8 14. Bb2 Bc7 15. Bf1 Bf5 16. e4 Bg4
17. Bc3 a5 18. Qb2 Rfe8 19. Nh4 Bh3 20. Rad1 Bg4 21. Ra1 Nd4
22. Ng2 Bh3 23. Bxd4 exd4 24. Nh4 Be6 25. Ndf3 Ng4 26. Ng2 f5
27. b4 fxe4 28. Rxe4 b6 29. Rae1 Nf6 30. Ne5 Qc8 31. R4e2 Bxe5
32. Rxe5 Ng4 33. R5e2 Bf5 34. bxc5 Rxe2 35. Bxe2 Qxc5 36. Bxg4
Bxg4 37. Nf4 Kh7 38. h3 Bf5 39. g4 Qd6 40. Qh2 Bd7 41. Nd5
Qxh2+ 42. Kxh2 b5 43. Re4 Bc6 44. Rxd4 Rd7 45. Rf4 Bxd5
46. cxd5 Rxd5 47. d4 b4 48. axb4 axb4 49. Kg3 b3 50. Rf3 Rb5
51. Rf1 b2 52. Rb1 g5 53. Kf3 Kg6 54. Ke4 Kf6 55. Kd3 Ke6
56. Kc4 Rb8 57. d5+ Kd6 58. Kd4 Rb5 59. Kc4 Rc5+ 60. Kb4 Rc8
61. Kb3 Rc7 62. Ka3 Rb7 63. Ka2 Rb8 64. Ka3 Kxd5 65. Ka2 Kd4
66. Rd1+ Kc3 67. Kb1 Ra8 0-1

[Event "European Club Cup (Women)"]
[Site "Skopje MKD"]
[Date "2015.10.22"]
[EventDate "2015.10.18"]
[Round "5.2"]
[Result "1-0"]
[White "Shen Yang"]
[Black "Ekaterina Kovalevskaya"]
[WhiteElo "2460"]
[BlackElo "2462"]
[PlyCount "97"]

1. d4 Nf6 2. c4 c5 3. d5 b5 4. cxb5 a6 5. bxa6 g6 6. Nc3 Bg7
7. Nf3 O-O 8. e4 Qa5 9. Bd2 Bxa6 10. Bxa6 Qxa6 11. Qe2 e6
12. Qxa6 Nxa6 13. O-O exd5 14. exd5 Rfb8 15. Rab1 Nb4 16. Bf4
Rb6 17. Bc7 Rba6 18. d6 Nxa2 19. Nxa2 Rxa2 20. Ne5 R2a6
21. Rbc1 Bf8 22. Rfd1 Bh6 23. Rxc5 Ra1 24. Rf1 Ne4 25. Rd5 Nd2
26. Rxd2 Bxd2 27. Nxd7 Bg5 28. Nb6 R8a2 29. d7 Rxf1+ 30. Kxf1
Rxb2 31. f4 Be7 32. Nd5 Bh4 33. g3 Rd2 34. gxh4 Rxd5 35. d8=Q+
Rxd8 36. Bxd8 Kf8 37. Ke2 Ke8 38. Bg5 Kd7 39. Kd3 Ke6 40. Ke4
f6 41. Bh6 Kd6 42. Bf8+ Ke6 43. Ba3 Kf7 44. Kd5 h6 45. h5 gxh5
46. f5 h4 47. h3 h5 48. Bc5 Kg7 49. Ke6 1-0

[Event "European Club Cup (Women)"]
[Site "Skopje MKD"]
[Date "2015.10.23"]
[EventDate "2015.10.18"]
[Round "6.2"]
[Result "1-0"]
[White "Shen Yang"]
[Black "Michal Lahav"]
[WhiteElo "2460"]
[BlackElo "2015"]
[PlyCount "93"]

1. d4 Nf6 2. c4 c5 3. d5 b5 4. cxb5 a6 5. e3 g6 6. Nc3 Bg7
7. Nf3 O-O 8. a4 axb5 9. Bxb5 d6 10. O-O Ba6 11. Re1 Ne8
12. Ra3 Nc7 13. Bxa6 Rxa6 14. e4 Nd7 15. Bg5 Re8 16. Nd2 Qa8
17. Qc2 Nb6 18. Rea1 e6 19. dxe6 Nxe6 20. Be3 Rb8 21. a5 Nd7
22. Nc4 Ne5 23. Nb6 Qb7 24. Ncd5 Nc6 25. Ra4 Ne5 26. h3 Nc6
27. R1a3 Kh8 28. b4 Ned4 29. Bxd4 Nxd4 30. Qd3 cxb4 31. Nxb4
Rxa5 32. Rxa5 Qxb6 33. Nd5 Qc6 34. Kh2 h5 35. Rc3 Qe8 36. Ra7
Nb5 37. Re7 Qf8 38. Rb3 Nd4 39. Rxb8 Qxb8 40. Rxf7 Kg8
41. Rxg7+ Kxg7 42. Qxd4+ Kh7 43. Nf6+ Kh6 44. Nd7 Qe8 45. Qxd6
Qxe4 46. Qf8+ Kg5 47. g3 1-0

[Event "European Club Cup (Women)"]
[Site "Skopje MKD"]
[Date "2015.10.24"]
[EventDate "2015.10.18"]
[Round "7.2"]
[Result "1/2-1/2"]
[White "Natalia Pogonina"]
[Black "Shen Yang"]
[WhiteElo "2445"]
[BlackElo "2460"]
[PlyCount "101"]

1. e4 e5 2. Nf3 Nc6 3. Bb5 Nf6 4. O-O Nxe4 5. Re1 Nd6 6. Nxe5
Nxe5 7. Rxe5+ Be7 8. Bf1 O-O 9. Nc3 Ne8 10. Nd5 Bd6 11. Re1 c6
12. Ne3 Bc7 13. Nf5 d5 14. Ne7+ Kh8 15. Nxc8 Rxc8 16. d3 f5
17. Qf3 Nf6 18. g3 Qd7 19. Bf4 Bb6 20. c3 d4 21. c4 Ba5
22. Re5 Bc7 23. Ree1 Ba5 24. Re5 Bc7 25. Re2 Ba5 26. a3 Rce8
27. b4 Rxe2 28. Qxe2 Re8 29. Qd2 Bc7 30. Bxc7 Qxc7 31. Re1
Rxe1 32. Qxe1 g6 33. Bg2 Kg7 34. a4 Kf7 35. a5 a6 36. h3 Qe7
37. Qb1 Qd7 38. b5 cxb5 39. cxb5 Qxb5 40. Qxb5 axb5 41. Bxb7
b4 42. a6 b3 43. a7 b2 44. a8=Q b1=Q+ 45. Kg2 Qxd3 46. Qa7 Kf8
47. Qb8+ Kg7 48. Qc7+ Kf8 49. Qd6+ Kf7 50. Qc7+ Kf8 51. Qd6+
1/2-1/2

[Event "Chinese Team Championship"]
[Site "China CHN"]
[Date "2015.10.28"]
[EventDate "2015.04.10"]
[Round "16.4"]
[Result "1/2-1/2"]
[White "Tan Zhongyi"]
[Black "Shen Yang"]
[WhiteElo "2487"]
[BlackElo "2459"]
[PlyCount "60"]

1. Nf3 d5 2. c4 c6 3. e3 Nf6 4. Nc3 a6 5. Qc2 g6 6. b3 Bg7
7. Bb2 O-O 8. Be2 Re8 9. Ne5 Bf5 10. d3 Nbd7 11. Nxd7 Bxd7
12. d4 Bf5 13. Qd2 Ne4 14. Nxe4 Bxe4 15. O-O e5 16. f3 Bf5
17. cxd5 cxd5 18. dxe5 Bxe5 19. Bxe5 Rxe5 20. f4 Re7 21. Bf3
Qb6 22. Qd4 Qxd4 23. exd4 Be4 24. Rac1 Rd8 25. Rfe1 Kf8
26. Kf2 f5 27. Rc5 Bxf3 28. gxf3 Rxe1 29. Kxe1 Ke7 30. Rc7+
Rd7 1/2-1/2

[Event "Chinese Team Championship"]
[Site "China CHN"]
[Date "2015.10.29"]
[EventDate "2015.04.10"]
[Round "17.3"]
[Result "1-0"]
[White "Shen Yang"]
[Black "Mo Zhai"]
[WhiteElo "2459"]
[BlackElo "2324"]
[PlyCount "148"]

1. d4 Nf6 2. c4 e6 3. Nf3 d5 4. Nc3 Bb4 5. Bg5 h6 6. Bxf6 Qxf6
7. e3 O-O 8. Rc1 Rd8 9. a3 Bxc3+ 10. Rxc3 dxc4 11. Rxc4 Nc6
12. Bd3 Bd7 13. Be4 Qe7 14. Qc1 Rac8 15. O-O Be8 16. Rc5 Rd6
17. b4 a6 18. h3 Rdd8 19. Qc2 Rb8 20. Rc1 Qd6 21. Bxc6 Bxc6
22. Ne5 Be8 23. Rxc7 f6 24. Ng4 Rd7 25. Rxd7 Qxd7 26. f3 Qe7
27. Qc7 Qxc7 28. Rxc7 Bc6 29. Nf2 a5 30. Nd3 Ra8 31. Nc5 axb4
32. axb4 Ra1+ 33. Kh2 Bd5 34. e4 Bc4 35. Nxb7 Bf1 36. Rc2 Rd1
37. Nc5 Rxd4 38. Rb2 Rd6 39. Na4 Ra6 40. Nc3 Rc6 41. Nb1 f5
42. b5 Rb6 43. Nc3 fxe4 44. fxe4 e5 45. Kg1 Bc4 46. Rb4 Bd3
47. Kf2 Kf7 48. Ke3 Bf1 49. Rb2 Bc4 50. g3 h5 51. Rb4 Bf1
52. h4 Kg6 53. Rb1 Bc4 54. Rb4 Bf1 55. Rb2 Bc4 56. Rf2 Rd6
57. Rd2 Rb6 58. Rd7 Bf1 59. Rd5 Kf6 60. Rc5 Ke6 61. Nd5 Rb7
62. b6 Kd6 63. Rc8 Bb5 64. Rd8+ Kc5 65. Rc8+ Kd6 66. Kd2 Bc6
67. Rd8+ Ke6 68. Kc3 Bxd5 69. exd5+ Ke7 70. Rg8 Kf7 71. Rh8
Rxb6 72. Rxh5 Kf6 73. g4 g6 74. Rh7 Rb5 1-0

[Event "Chinese Team Championship"]
[Site "China CHN"]
[Date "2015.10.30"]
[EventDate "2015.04.10"]
[Round "18.5"]
[Result "0-1"]
[White "Yunshan Li"]
[Black "Shen Yang"]
[WhiteElo "1916"]
[BlackElo "2459"]
[PlyCount "68"]

1. d4 d5 2. c4 e6 3. Nf3 Nf6 4. g3 Bb4+ 5. Bd2 Bd6 6. Bg2 O-O
7. Qc2 Nbd7 8. O-O c6 9. b3 Ne4 10. Nc3 Nxd2 11. Nxd2 f5
12. e3 Nf6 13. f3 Bd7 14. Rae1 Be8 15. e4 fxe4 16. fxe4 Bg6
17. Ne2 e5 18. dxe5 Bxe5 19. Nf4 Bxf4 20. Rxf4 Qb6+ 21. Kh1
Rae8 22. Qd1 dxe4 23. Nxe4 Bxe4 24. Bxe4 Qa5 25. a4 Qb4
26. Re2 Rd8 27. Qc2 a5 28. Bg2 Rfe8 29. Rff2 Ng4 30. Rxe8+
Rxe8 31. Re2 Qe1+ 32. Rxe1 Rxe1+ 33. Bf1 Rxf1+ 34. Kg2 Ne3+
0-1

[Event "China Chess Queens"]
[Site "Taizhou CHN"]
[Date "2015.11.24"]
[EventDate "2015.11.24"]
[Round "1.1"]
[Result "1-0"]
[White "Ding Yixin"]
[Black "Shen Yang"]
[WhiteElo "2435"]
[BlackElo "2472"]
[PlyCount "67"]

1. e4 e5 2. Nf3 Nc6 3. Nc3 Nf6 4. Bb5 Bd6 5. d3 h6 6. a3 a6
7. Ba4 b5 8. Bb3 Bb7 9. Be3 O-O 10. Ne2 Re8 11. Ng3 Bf8
12. O-O d5 13. exd5 Nxd5 14. Nf5 Re6 15. Nd2 Rf6 16. Ng3 Nd4
17. Ba2 c5 18. Nde4 Rg6 19. Qd2 Qh4 20. f4 Nxe3 21. Qxe3 Nxc2
22. Qf2 Bxe4 23. Qxc2 Bc6 24. fxe5 Qd4+ 25. Kh1 Ra7 26. Rae1
Qd8 27. e6 fxe6 28. Rxe6 Rxe6 29. Bxe6+ Kh8 30. d4 c4 31. Qg6
Bd7 32. Bd5 Be7 33. Nh5 Bf6 34. Nxf6 1-0

[Event "China Chess Queens"]
[Site "Taizhou CHN"]
[Date "2015.11.25"]
[EventDate "2015.11.24"]
[Round "1.2"]
[Result "1/2-1/2"]
[White "Shen Yang"]
[Black "Ding Yixin"]
[WhiteElo "2472"]
[BlackElo "2435"]
[PlyCount "60"]

1. d4 Nf6 2. c4 g6 3. Nc3 d5 4. cxd5 Nxd5 5. Qb3 Nxc3 6. bxc3
Bg7 7. Ba3 b6 8. e3 O-O 9. Nf3 Nc6 10. Be2 Na5 11. Qc2 c5
12. dxc5 Bf5 13. Qb2 bxc5 14. O-O Rb8 15. Qc1 Qc7 16. Nd2 Qe5
17. Bb2 Rfd8 18. Rd1 Bd3 19. Bf3 c4 20. h3 h5 21. Nf1 Nb7
22. Rd2 Nc5 23. Qd1 Qc7 24. Rc1 Qa5 25. Ba1 Na4 26. Qe1 Rd6
27. Ng3 Rdb6 28. Ne2 Rb1 29. Rdd1 Rxc1 30. Rxc1 e5 1/2-1/2

[Event "Aeroflot Open"]
[Site "Moscow RUS"]
[Date "2016.03.01"]
[EventDate "2016.03.01"]
[Round "1.34"]
[Result "1-0"]
[White "Boris Savchenko"]
[Black "Shen Yang"]
[WhiteElo "2610"]
[BlackElo "2466"]
[PlyCount "113"]

1. Nf3 d5 2. g3 c6 3. Bg2 Bg4 4. c4 Nf6 5. Ne5 e6 6. cxd5 exd5
7. Nxg4 Nxg4 8. e4 Nf6 9. e5 Nfd7 10. O-O Be7 11. d4 O-O
12. Nc3 Na6 13. f4 Nc7 14. Be3 f5 15. g4 g6 16. gxf5 gxf5
17. Kh1 Kh8 18. Qh5 Qe8 19. Qh3 Bd8 20. Bf3 Qe7 21. Rg1 Qh4
22. Qg2 Qh6 23. Rac1 Nb6 24. b3 Be7 25. Qc2 Ne6 26. Rg3 Bb4
27. Ne2 Nc8 28. Rcg1 Ne7 29. Nc1 Ba5 30. Nd3 Bb6 31. Qc3 Rg8
32. Qb4 Rxg3 33. Rxg3 Ng6 34. a4 Qf8 35. Qc3 Qa3 36. Bd1 Rg8
37. Bc2 a5 38. Rg1 Qe7 39. Nc1 Nh4 40. Rg3 Qf7 41. Bd1 Qf8
42. Ne2 Qa3 43. Bc2 Qf8 44. Qd3 Qf7 45. Rh3 Rg4 46. Bf2 Qe7
47. Bxh4 Rxh4 48. Rxh4 Qxh4 49. Qxf5 Qh6 50. Qf7 Nxd4 51. Qe8+
Kg7 52. Ng3 Qh3 53. e6 Qxe6 54. Nf5+ Kf6 55. Qf8+ Qf7 56. Qh6+
Qg6 57. Qh4+ 1-0

[Event "Aeroflot Open"]
[Site "Moscow RUS"]
[Date "2016.03.02"]
[EventDate "2016.03.01"]
[Round "2.37"]
[Result "0-1"]
[White "Chanda Sandipan"]
[Black "Shen Yang"]
[WhiteElo "2577"]
[BlackElo "2466"]
[PlyCount "88"]

1. c4 Nf6 2. d4 c6 3. Nc3 d5 4. e3 g6 5. Nf3 Bg7 6. Be2 O-O
7. O-O dxc4 8. Bxc4 Bg4 9. Be2 Nbd7 10. h3 Bxf3 11. Bxf3 Ne8
12. b4 Nd6 13. Rb1 Rc8 14. b5 c5 15. Ne4 Nxe4 16. Bxe4 Rc7
17. Bb2 cxd4 18. Bxd4 Bxd4 19. Qxd4 Nf6 20. Qxd8 Rxd8 21. Bf3
Rc2 22. Bxb7 Rxa2 23. Ra1 Rdd2 24. Rxa2 Rxa2 25. Rc1 Ra5
26. Rc8+ Kg7 27. Bc6 e6 28. e4 g5 29. Kf1 Ng8 30. Re8 Nf6
31. Rb8 Ng8 32. Re8 Nf6 33. Ra8 Ng8 34. Ke2 Ne7 35. Be8 f5
36. Kd3 fxe4+ 37. Kd4 Kf6 38. g4 Ra4+ 39. Kc5 Ke5 40. Bd7 Ra2
41. Kc4 Nd5 42. Kb3 Rxf2 43. Rxa7 Rf7 44. Rb7 e3 0-1

[Event "Aeroflot Open"]
[Site "Moscow RUS"]
[Date "2016.03.03"]
[EventDate "2016.03.01"]
[Round "3.23"]
[Result "1/2-1/2"]
[White "Shen Yang"]
[Black "Alexander Motylev"]
[WhiteElo "2466"]
[BlackElo "2655"]
[PlyCount "61"]

1. d4 d5 2. Nf3 Nf6 3. c4 c6 4. e3 Nbd7 5. cxd5 cxd5 6. Nc3 e6
7. Bd2 a6 8. a4 Bd6 9. Qb3 Ne4 10. Nxe4 dxe4 11. Ng1 O-O
12. Ne2 e5 13. Bc3 Qe7 14. Rd1 exd4 15. Nxd4 Nc5 16. Qa2 Bd7
17. a5 Qg5 18. h4 Qe7 19. Qd5 Rad8 20. Bc4 Be5 21. O-O Bb8
22. Qg5 Qxg5 23. hxg5 Rc8 24. Bd5 Rfd8 25. b4 Bg4 26. Nf5 Na4
27. Bf6 Bxd1 28. Bxd8 Rxd8 29. Rxd1 Kf8 30. Bb3 Rxd1+ 31. Bxd1
1/2-1/2

[Event "Aeroflot Open"]
[Site "Moscow RUS"]
[Date "2016.03.04"]
[EventDate "2016.03.01"]
[Round "4.30"]
[Result "0-1"]
[White "Shen Yang"]
[Black "Alexander Moiseenko"]
[WhiteElo "2466"]
[BlackElo "2668"]
[PlyCount "70"]

1. d4 e6 2. c4 b6 3. e4 Bb7 4. Bd3 Bb4+ 5. Kf1 Be7 6. Nc3 d6
7. Nf3 Nd7 8. g3 Bf6 9. Kg2 Ne7 10. Re1 O-O 11. Qc2 Nc6
12. Be3 Nb4 13. Qd2 Nxd3 14. Qxd3 g6 15. Bh6 Re8 16. Rad1 Qe7
17. Qd2 Bh8 18. Kg1 a6 19. Qd3 Rad8 20. h4 Nf6 21. Bg5 Bg7
22. Qd2 Qf8 23. a3 h6 24. Bxf6 Bxf6 25. Qf4 Bg7 26. e5 f6
27. exf6 Qxf6 28. Qxf6 Bxf6 29. Re3 Bg7 30. Kf1 c5 31. dxc5
bxc5 32. b4 Rf8 33. Rdd3 d5 34. cxd5 exd5 35. Re7 c4 0-1

[Event "Aeroflot Open"]
[Site "Moscow RUS"]
[Date "2016.03.05"]
[EventDate "2016.03.01"]
[Round "5.34"]
[Result "1/2-1/2"]
[White "Vladislav Kovalev"]
[Black "Shen Yang"]
[WhiteElo "2560"]
[BlackElo "2466"]
[PlyCount "190"]

1. e4 e5 2. Nc3 Nf6 3. g3 Bc5 4. Bg2 Nc6 5. d3 a5 6. h3 d6
7. Nge2 Nd4 8. O-O O-O 9. Kh2 c6 10. Nxd4 Bxd4 11. Ne2 Bb6
12. f4 exf4 13. Nxf4 Qe7 14. c3 a4 15. Bd2 Bd7 16. Qf3 Qe5
17. Rae1 Qb5 18. Bc1 Rae8 19. g4 h6 20. Qg3 Bc8 21. Bf3 g5
22. Bg2 Bc7 23. Ne2 Nh7 24. Kh1 Qe5 25. d4 Qe7 26. Qd3 d5
27. Ng3 f6 28. Kg1 Qd6 29. Kf2 dxe4 30. Nxe4 Qd7 31. Nc5 Qf7
32. Rxe8 Rxe8 33. Kg1 Nf8 34. Ne4 f5 35. gxf5 Bxf5 36. Qf3
Rxe4 37. Qxe4 Bxe4 38. Rxf7 Kxf7 39. Bxe4 Nd7 40. Kf2 Ke6
41. c4 Nf6 42. Bc2 b5 43. cxb5 cxb5 44. Bd3 b4 45. Bc4+ Kf5
46. Kf3 Bb6 47. Be3 a3 48. bxa3 bxa3 49. Bc1 Bxd4 50. Bxa3 Ke5
51. Bc1 Kd6 52. Bd2 Kc5 53. Bd3 Kb6 54. a4 Kc6 55. a5 Kc7
56. Be2 Kb7 57. Bc4 Kc7 58. Be6 Kb7 59. Bf5 Ka6 60. Ke2 Kb5
61. Kd3 Bf2 62. Be6 Kc5 63. Bf7 Bg1 64. Be6 Bf2 65. Bc8 Kb5
66. Bb7 Nd7 67. Bf3 Nc5+ 68. Ke2 Bd4 69. Bd5 Nd7 70. Kd3 Bg1
71. Bc3 h5 72. Ke2 g4 73. h4 Bh2 74. Bf7 Be5 75. Bd2 Nf6
76. Kd3 Kc5 77. Be3+ Kb5 78. Bd2 Kc5 79. a6 Kb6 80. Bc4 Ne8
81. Be3+ Kc6 82. a7 Nc7 83. Bf7 Bg3 84. Kc4 Kb7 85. Bxh5 Bxh4
86. Bxg4 Bg3 87. Bf3+ Ka6 88. Bc5 Be1 89. Bg4 Kb7 90. Bf3+ Ka6
91. Bd6 Kxa7 92. Bxc7 Bf2 93. Kb5 Be3 94. Kc6 Bf2 95. Kd7 Be3
1/2-1/2

[Event "Aeroflot Open"]
[Site "Moscow RUS"]
[Date "2016.03.06"]
[EventDate "2016.03.01"]
[Round "6.34"]
[Result "1/2-1/2"]
[White "Shen Yang"]
[Black "Falko Bindrich"]
[WhiteElo "2466"]
[BlackElo "2557"]
[PlyCount "46"]

1. d4 Nf6 2. c4 e6 3. Nc3 Bb4 4. Qc2 d5 5. cxd5 exd5 6. Bf4
O-O 7. e3 c5 8. a3 Bxc3+ 9. bxc3 Nc6 10. dxc5 Qa5 11. Bd3 Qxc5
12. Ne2 Re8 13. O-O Ne5 14. Rfb1 Nxd3 15. Qxd3 b6 16. Qd4 Ba6
17. Ng3 Rac8 18. Be5 Qxd4 19. Bxd4 Ne4 20. Nxe4 dxe4 21. a4
Bd3 22. Rb4 Re7 23. f4 exf3 1/2-1/2

[Event "Aeroflot Open"]
[Site "Moscow RUS"]
[Date "2016.03.07"]
[EventDate "2016.03.01"]
[Round "7.36"]
[Result "1/2-1/2"]
[White "David Anton Guijarro"]
[Black "Shen Yang"]
[WhiteElo "2641"]
[BlackElo "2466"]
[PlyCount "47"]

1. d4 d5 2. c4 c6 3. Nf3 Nf6 4. Nc3 dxc4 5. a4 e6 6. e3 c5
7. Bxc4 Nc6 8. O-O Be7 9. Qe2 cxd4 10. exd4 O-O 11. Rd1 Nb4
12. a5 Bd7 13. Ne5 Bc6 14. a6 Nfd5 15. Ne4 bxa6 16. Bxa6 Qb6
17. Bc4 Nf6 18. Nxf6+ Bxf6 19. Be3 Qb7 20. Nxc6 Qxc6 21. Ra5
Rfd8 22. h3 h6 23. b3 Qe4 24. Bd3 1/2-1/2

[Event "Aeroflot Open"]
[Site "Moscow RUS"]
[Date "2016.03.08"]
[EventDate "2016.03.01"]
[Round "8.30"]
[Result "1/2-1/2"]
[White "Shen Yang"]
[Black "Kaido Kulaots"]
[WhiteElo "2466"]
[BlackElo "2578"]
[PlyCount "77"]

1. d4 Nf6 2. c4 e6 3. Nf3 d5 4. Nc3 c6 5. e3 Nbd7 6. Qc2 Bd6
7. Bd3 O-O 8. O-O dxc4 9. Bxc4 a6 10. a4 c5 11. Rd1 Qc7 12. b3
cxd4 13. Rxd4 Re8 14. Bb2 Ne5 15. Ng5 Ng6 16. h3 h6 17. Nf3
Bd7 18. Bd3 Ne5 19. Ne4 Nxe4 20. Bxe4 Nxf3+ 21. gxf3 Qxc2
22. Bxc2 Be5 23. Rxd7 Bxb2 24. Rb1 Bc3 25. Rxb7 a5 26. Rc1 Bb4
27. Rc7 Re7 28. Rc4 Rd8 29. f4 Red7 30. Kg2 g6 31. Be4 Rd2
32. R1c2 Rxc2 33. Rxc2 Rd2 34. Rc4 Kg7 35. Kf3 Rd1 36. Rc7 Rd2
37. Bc2 Rd5 38. Be4 Rc5 39. Rxc5 1/2-1/2

[Event "Aeroflot Open"]
[Site "Moscow RUS"]
[Date "2016.03.09"]
[EventDate "2016.03.01"]
[Round "9.31"]
[Result "1-0"]
[White "Anton Demchenko"]
[Black "Shen Yang"]
[WhiteElo "2583"]
[BlackElo "2466"]
[PlyCount "75"]

1. e4 e6 2. d4 d5 3. Nd2 Be7 4. e5 c5 5. c3 Nc6 6. Bd3 Bd7
7. Ne2 Qb6 8. Nf3 cxd4 9. cxd4 Nb4 10. Bb1 Bb5 11. Nc3 Bc4
12. a3 Qa5 13. h4 Qa6 14. Rh3 Nd3+ 15. Bxd3 Bxd3 16. Ng5 Bf1
17. Qh5 Bxg2 18. Qxf7+ Kd7 19. Rg3 Qf1+ 20. Kd2 Rf8 21. Qxe6+
Kc7 22. Ne2 Kb8 23. Qd7 Rd8 24. Qa4 Nh6 25. Qd1 Bxg5+ 26. hxg5
Nf5 27. Qxf1 Bxf1 28. Rg4 h5 29. gxh6 gxh6 30. Rf4 Rhf8 31. b3
Rc8 32. a4 Bxe2 33. Kxe2 Rf7 34. Bd2 h5 35. Rg1 h4 36. Rg5
Rcf8 37. e6 Rf6 38. Rgxf5 1-0

[Event "Russia - China (Women)"]
[Site "Moscow RUS"]
[Date "2016.06.11"]
[EventDate "2016.06.11"]
[Round "1.3"]
[Result "1/2-1/2"]
[White "Shen Yang"]
[Black "Aleksandra Goryachkina"]
[WhiteElo "2472"]
[BlackElo "2486"]
[PlyCount "98"]

1. d4 d5 2. Nf3 Nf6 3. c4 c6 4. e3 Bf5 5. Nc3 e6 6. Nh4 Be4
7. f3 Bg6 8. Qb3 Qc7 9. Bd2 Be7 10. Nxg6 hxg6 11. g3 a6
12. Rc1 dxc4 13. Bxc4 Nbd7 14. Kf2 Rd8 15. Kg2 c5 16. Be2 O-O
17. Rhd1 b5 18. a4 b4 19. Nb1 a5 20. Be1 Qa7 21. Bf2 cxd4
22. exd4 Nd5 23. Nd2 Rc8 24. Bb5 Bg5 25. f4 Bf6 26. Qd3 Rfd8
27. Nb3 N7b6 28. Qf3 Qa8 29. Kg1 Rxc1 30. Rxc1 Rc8 31. Qd1 g5
32. Rxc8+ Nxc8 33. Qc1 gxf4 34. Bc6 Qb8 35. Bxd5 exd5 36. Qc5
Nb6 37. Qxa5 f3 38. Qxb4 Qc8 39. Nd2 Qc1+ 40. Nf1 Nc4 41. Qc3
Qa1 42. a5 g6 43. a6 Qxa6 44. Qxf3 Nxb2 45. Qxd5 Qd3 46. Ne3
Qxd4 47. Qa8+ Qd8 48. Qxd8+ Bxd8 49. Nd5 Nc4 1/2-1/2

[Event "Russia - China (Women)"]
[Site "Moscow RUS"]
[Date "2016.06.12"]
[EventDate "2016.06.11"]
[Round "2.4"]
[Result "1/2-1/2"]
[White "Natalia Pogonina"]
[Black "Shen Yang"]
[WhiteElo "2482"]
[BlackElo "2472"]
[PlyCount "99"]

1. d4 d5 2. c4 c6 3. e3 Bf5 4. cxd5 cxd5 5. Qb3 Qc7 6. Nc3 e6
7. e4 Bxe4 8. Bf4 Qb6 9. Nb5 Na6 10. f3 Bb4+ 11. Kd1 Bg6
12. Rc1 Nf6 13. a3 e5 14. dxe5 Qf2 15. Nd6+ Kf8 16. axb4 Qxf1+
17. Kd2 Ne4+ 18. Nxe4 Qxg2+ 19. Nf2 Qxf2+ 20. Ne2 Qb6 21. b5
Qa5+ 22. Kd1 Nc7 23. Bd2 Qb6 24. Be3 d4 25. Nxd4 Rd8 26. Ke2
Nd5 27. Qa3+ Kg8 28. Qc5 h6 29. Rhd1 Kh7 30. Kf2 Rhe8 31. Qxb6
axb6 32. f4 Be4 33. Bd2 f6 34. Re1 Nxf4 35. Rxe4 Nd3+ 36. Ke3
Nxc1 37. Bxc1 Rxe5 38. Rxe5 fxe5 39. Nf3 Rd5 40. Bd2 Rxb5
41. Bc3 Rc5 42. Nxe5 b5 43. Kd4 b6 44. h4 g5 45. hxg5 hxg5
46. Bd2 Rc2 47. Bxg5 Rxb2 48. Bd8 Rd2+ 49. Nd3 Rxd3+ 50. Kxd3
1/2-1/2

[Event "Russia - China (Women)"]
[Site "Moscow RUS"]
[Date "2016.06.13"]
[EventDate "2016.06.11"]
[Round "3.5"]
[Result "1/2-1/2"]
[White "Anastasia Bodnaruk"]
[Black "Shen Yang"]
[WhiteElo "2479"]
[BlackElo "2472"]
[PlyCount "77"]

1. e4 e5 2. Nf3 Nc6 3. Bb5 a6 4. Ba4 Nf6 5. O-O Bc5 6. c3 b5
7. Bb3 d6 8. a4 Bb7 9. d4 Bb6 10. Re1 O-O 11. Bg5 h6 12. Bh4
exd4 13. cxd4 Re8 14. d5 Na5 15. Bc2 c6 16. Nc3 g5 17. Bg3
cxd5 18. Nxd5 Nxd5 19. exd5 Rxe1+ 20. Nxe1 Qf6 21. axb5 axb5
22. Qe2 b4 23. Qe4 b3 24. Bd3 Bd4 25. Nf3 Bxb2 26. Re1 Kf8
27. h4 g4 28. Qxg4 Bc3 29. Re3 Re8 30. Rxe8+ Kxe8 31. Qg8+ Kd7
32. Qb8 Bxd5 33. Bf5+ Qxf5 34. Qxd6+ Ke8 35. Qb8+ Kd7 36. Qc7+
Ke8 37. Qb8+ Kd7 38. Qc7+ Ke8 39. Qb8+ 1/2-1/2

[Event "Russia - China (Women)"]
[Site "Moscow RUS"]
[Date "2016.06.14"]
[EventDate "2016.06.11"]
[Round "4.1"]
[Result "1/2-1/2"]
[White "Shen Yang"]
[Black "Kateryna Lahno"]
[WhiteElo "2472"]
[BlackElo "2524"]
[PlyCount "80"]

1. d4 Nf6 2. c4 g6 3. Nc3 d5 4. cxd5 Nxd5 5. e4 Nxc3 6. bxc3
Bg7 7. Qa4+ Qd7 8. Bb5 c6 9. Bd3 O-O 10. Ne2 c5 11. Qxd7 Nxd7
12. Be3 Rd8 13. Rd1 b6 14. f3 cxd4 15. cxd4 Bb7 16. Kf2 Rac8
17. h4 h6 18. Rc1 e6 19. Bb5 Nb8 20. Rxc8 Rxc8 21. Rc1 Rxc1
22. Nxc1 Nc6 23. Nb3 Nb4 24. a4 Nc2 25. Bd3 Nb4 26. Bc4 Nc2
27. a5 bxa5 28. Nxa5 Bc8 29. Nc6 Bd7 30. Nxa7 Nxd4 31. f4 h5
32. g3 Nc2 33. Bc5 Nd4 34. Ke3 Nc6 35. Bb5 Nb8 36. Be2 Nc6
37. Nb5 e5 38. f5 gxf5 39. exf5 Bxf5 40. Bxh5 Bh6+ 1/2-1/2

[Event "Russia - China (Women)"]
[Site "Moscow RUS"]
[Date "2016.06.15"]
[EventDate "2016.06.11"]
[Round "5.2"]
[Result "0-1"]
[White "Valentina Gunina"]
[Black "Shen Yang"]
[WhiteElo "2518"]
[BlackElo "2472"]
[PlyCount "110"]

1. d4 d5 2. c4 c6 3. Nf3 Nf6 4. e3 g6 5. Nc3 Bg7 6. Bd3 O-O
7. h3 c5 8. O-O dxc4 9. Bxc4 Nbd7 10. Qe2 cxd4 11. exd4 Nb6
12. Bb3 Nbd5 13. Bg5 h6 14. Bxf6 Nxc3 15. bxc3 Bxf6 16. Rfe1
Kg7 17. Ne5 Qc7 18. Qf3 Bd7 19. Qg3 Bf5 20. Rac1 Rad8 21. h4
h5 22. Qf4 Qd6 23. Re3 Bxe5 24. Rxe5 Qf6 25. Rce1 Be6 26. Qg3
Bxb3 27. axb3 e6 28. Rxh5 Rh8 29. Rxh8 Rxh8 30. Re4 Qf5
31. Qe3 b5 32. b4 a6 33. g3 Rc8 34. Rf4 Qd5 35. Kh2 Ra8
36. Rg4 f5 37. Rg5 Rh8 38. Qf4 Kf6 39. Kg1 Kf7 40. Kh2 Kf6
41. Rg4 Rg8 42. Qg5+ Kf7 43. Rf4 Qc6 44. d5 Qxd5 45. Rd4 Qc6
46. Qd2 Re8 47. Rd6 Qf3 48. Rxa6 Rd8 49. Ra7+ Ke8 50. Qa2 Kf8
51. Rc7 f4 52. g4 Qxg4 53. Qa7 Qxh4+ 54. Kg2 f3+ 55. Kxf3 Rd3+
0-1